[Event "SA-2012-0-00260"]
[Site "LSS email"]
[Date "2012.04.29"]
[Round "?"]
[White "Bergmann, Paulo Fernando Brit"]
[Black "Pecotic, Kuzma"]
[Result "1/2-1/2"]
[WhiteElo "2013"]
[BlackElo "2066"]
[PlyCount "40"]
[EventDate "2012.04.08"]
[EventType "tourn (corr)"]
[EventRounds "6"]
[EventCountry "GER"]
[SourceTitle "Telechess CBM 155"]
[Source "ChessBase"]
[SourceDate "2013.07.16"]
[SourceVersion "1"]
[SourceVersionDate "2013.07.16"]
[SourceQuality "1"]

1. d4 d5 2. c4 e6 3. Nc3 Nf6 4. Bg5 Be7 5. e3 0-0 6. Nf3 Nbd7 7. Qc2 h6 8. Bh4 c5 9. Rd1 b6 10. cxd5 Nxd5 11. Bxe7 Qxe7 12. Nxd5 exd5 13. dxc5 Nxc5 14. Be2 Be6 15. 0-0 Rac8 16. Qc3 Ne4 17. Qe5 f6 18. Qd4 Rc5 19. Qd3 Bf7 20. Nd4 Re8 1/2-1/2

[Event "RA-2011-0-00161"]
[Site "LSS email"]
[Date "2011.11.06"]
[Round "?"]
[White "Janosi, Ervin"]
[Black "Pecotic, Kuzma"]
[Result "1-0"]
[WhiteElo "2112"]
[BlackElo "2130"]
[PlyCount "117"]
[EventDate "2011.10.23"]
[EventType "tourn (corr)"]
[EventRounds "6"]
[EventCountry "GER"]
[SourceTitle "Telechess CBM 157"]
[Source "ChessBase"]
[SourceDate "2013.11.12"]
[SourceVersion "1"]
[SourceVersionDate "2013.11.12"]
[SourceQuality "1"]

1. Nf3 Nf6 2. d4 d5 3. e3 e6 4. c4 c5 5. cxd5 exd5 6. Bb5+ Bd7 7. Bxd7+ Nbxd7 8. dxc5 Nxc5 9. 0-0 Be7 10. Nc3 0-0 11. b3 Nfe4 12. Nxd5 Bf6 13. Nxf6+ Qxf6 14. Nd4 Rfe8 15. Bb2 Qa6 16. Nf5 Rad8 17. Qh5 Nd3 18. Bd4 f6 19. f3 Nec5 20. Qg4 g6 21. Rad1 Rd5 22. Nh6+ Kg7 23. Bxc5 Kxh6 24. Bd4 Ne5 25. Qh3+ Kg7 26. f4 Nd3 27. Qf3 Rd6 28. a4 Kg8 29. h4 f5 30. h5 Re4 31. Qg3 Re7 32. Qh3 Rf7 33. hxg6 Rxg6 34. Rf3 Nb4 35. Bc3 Nd3 36. Rg3 Rd7 37. Bd4 Rxd4 38. Rxg6+ hxg6 39. exd4 Nxf4 40. Qe3 Qe2 41. Qxe2 Nxe2+ 42. Kf2 Nf4 43. d5 Kf8 44. Kf3 Nh5 45. d6 Ke8 46. d7+ Kd8 47. Rd6 g5 48. g4 fxg4+ 49. Kxg4 Nf4 50. Kxg5 Ne2 51. Kf5 Nc1 52. Ke6 Nxb3 53. Rd5 b6 54. Kd6 Nc5 55. Rh5 Nb7+ 56. Kc6 Na5+ 57. Rxa5 bxa5 58. Kd6 a6 59. Ke6 1-0

[Event "RA-2011-0-00147"]
[Site "LSS email"]
[Date "2011.08.21"]
[Round "?"]
[White "Moreira, Jose Americo Paiva"]
[Black "Pecotic, Kuzma"]
[Result "1/2-1/2"]
[WhiteElo "2100"]
[BlackElo "2155"]
[PlyCount "76"]
[EventDate "2011.07.31"]
[EventType "tourn (corr)"]
[EventRounds "6"]
[EventCountry "GER"]
[SourceTitle "Telechess CBM 151"]
[Source "ChessBase"]
[SourceDate "2012.11.13"]
[SourceVersion "1"]
[SourceVersionDate "2012.11.13"]
[SourceQuality "1"]

1. e4 e5 2. Nf3 Nf6 3. Nxe5 d6 4. Nxf7 Kxf7 5. d4 c5 6. Nc3 cxd4 7. Bc4+ d5 8. Nxd5 Be6 9. Bg5 Bb4+ 10. c3 dxc3 11. 0-0 Nbd7 12. bxc3 Bc5 13. Bxf6 Nxf6 14. Qf3 Rf8 15. e5 Bxd5 16. Rfd1 Bxc4 17. Rxd8 Raxd8 18. exf6 Bd5 19. Qf4 gxf6 20. c4 Bc6 21. Qf5 Bb4 22. Qxh7+ Ke6 23. Qh3+ Kd6 24. a3 Bc5 25. Qh7 Rfe8 26. Rd1+ Bd4 27. h4 Kc5 28. Qb1 a5 29. Kf1 Re5 30. g3 b6 31. Qb3 Rd7 32. Qb1 Rd6 33. Qc2 Bb7 34. Qb1 Kc6 35. Rd2 Kc7 36. Qd1 Bc5 37. Rxd6 Bxd6 38. Qd3 Be4 1/2-1/2

[Event "BI-2010-F-00004"]
[Site "LSS email"]
[Date "2011.02.21"]
[Round "?"]
[White "Karabalis, Harilos"]
[Black "Pecotic, Kuzma"]
[Result "1/2-1/2"]
[WhiteElo "2051"]
[BlackElo "2136"]
[PlyCount "78"]
[EventDate "2011.02.24"]
[EventType "tourn (corr)"]
[EventRounds "10"]
[EventCountry "GER"]
[SourceTitle "Telechess CBM 157"]
[Source "ChessBase"]
[SourceDate "2013.11.12"]
[SourceVersion "1"]
[SourceVersionDate "2013.11.12"]
[SourceQuality "1"]

1. e4 e5 2. Nf3 Nc6 3. Bc4 Nf6 4. d3 Bc5 5. Bb3 d6 6. c3 a6 7. Nbd2 Ba7 8. h3 h6 9. Nf1 0-0 10. Ng3 d5 11. Qe2 Be6 12. 0-0 dxe4 13. dxe4 Bxb3 14. axb3 Qd7 15. Nh4 Rad8 16. Nh5 Nxh5 17. Qxh5 Qe6 18. b4 Rd7 19. Nf5 Rfd8 20. Be3 Bxe3 21. Nxe3 Rd2 22. Rab1 R8d3 23. Qg4 Qxg4 24. hxg4 Rd7 25. Rfd1 Rxd1+ 26. Rxd1 Rxd1+ 27. Nxd1 Kf8 28. Ne3 Ke7 29. f3 Nd8 30. Kf2 f6 31. Nf5+ Kf7 32. Ke2 Ne6 33. g3 Ke8 34. Kd3 Kd7 35. Ne3 Ke7 36. Nf5+ Ke8 37. Ne3 Ke7 38. Nf5+ Ke8 39. Ne3 Ke7 1/2-1/2

[Event "BI-2010-F-00004"]
[Site "LSS email"]
[Date "2011.02.21"]
[Round "?"]
[White "Sadowski, Marek"]
[Black "Pecotic, Kuzma"]
[Result "1-0"]
[WhiteElo "2255"]
[BlackElo "2136"]
[PlyCount "65"]
[EventDate "2011.02.24"]
[EventType "tourn (corr)"]
[EventRounds "10"]
[EventCountry "GER"]
[SourceTitle "Telechess CBM 157"]
[Source "ChessBase"]
[SourceDate "2013.11.12"]
[SourceVersion "1"]
[SourceVersionDate "2013.11.12"]
[SourceQuality "1"]

1. e4 e5 2. Nf3 Nc6 3. Bb5 a6 4. Ba4 Nf6 5. 0-0 Be7 6. Re1 b5 7. Bb3 0-0 8. c3 d6 9. h3 Bb7 10. d4 h6 11. Nbd2 Re8 12. Nf1 Bf8 13. Ng3 Qd7 14. Bc2 Rad8 15. a4 Ra8 16. Bd2 Na5 17. b3 c5 18. d5 Reb8 19. c4 b4 20. Nh2 g6 21. f4 Qe7 22. Qc1 Kh7 23. fxe5 dxe5 24. Rf1 Bc8 25. Qe1 Bg7 26. Rd1 Bd7 27. Be3 Rc8 28. d6 Qe8 29. Qf2 Nb7 30. Bxh6 Kxh6 31. Nf5+ gxf5 32. Qh4+ Nh5 33. Rxf5 1-0

[Event "WC-2015-P-00001"]
[Site "LSS email"]
[Date "2011.02.20"]
[Round "?"]
[White "Greco, Carmelo"]
[Black "Pecotic, Kuzma"]
[Result "1/2-1/2"]
[WhiteElo "2129"]
[BlackElo "2066"]
[PlyCount "98"]
[EventDate "2011.02.24"]
[EventType "tourn (corr)"]
[EventRounds "6"]
[EventCountry "GER"]
[SourceTitle "Telechess CBM 155"]
[Source "ChessBase"]
[SourceDate "2013.07.16"]
[SourceVersion "1"]
[SourceVersionDate "2013.07.16"]
[SourceQuality "1"]

1. d4 d5 2. Nf3 Nf6 3. c4 e6 4. Nc3 c6 5. Bg5 h6 6. Bh4 dxc4 7. e4 g5 8. Bg3 b5 9. e5 Nd5 10. Nd2 Qa5 11. Nde4 b4 12. Qa4 Qa6 13. Qxa6 Bxa6 14. Nd1 Nd7 15. h4 gxh4 16. Rxh4 N7b6 17. Rc1 Bb5 18. Nf6+ Nxf6 19. exf6 a5 20. Ne3 c3 21. bxc3 bxc3 22. Kd1 Bxf1 23. Nxf1 Nd5 24. Ne3 Nxe3+ 25. fxe3 Rg8 26. Bf4 Rxg2 27. Rc2 Rg1+ 28. Ke2 Bb4 29. Rxh6 0-0-0 30. a3 Rg2+ 31. Kd1 Rxc2 32. Kxc2 Bxa3 33. Kxc3 c5 34. Kb3 Bb4 35. dxc5 Bxc5 36. Rh7 Rd7 37. Ka4 Bb6 38. e4 Bc7 39. Bxc7 Kxc7 40. Rh5 Kd6 41. Rb5 Ra7 42. Kb3 a4+ 43. Ka3 Kc6 44. Rb1 Kc5 45. Rd1 Kc4 46. Rd8 Kb5 47. Rd1 Kc4 48. Rd8 Kb5 49. Rd1 Kc4 1/2-1/2

[Event "WC-2015-P-00001"]
[Site "LSS email"]
[Date "2011.02.20"]
[Round "?"]
[White "Pecotic, Kuzma"]
[Black "Bester, Kazimierz"]
[Result "1-0"]
[WhiteElo "2066"]
[BlackElo "615"]
[PlyCount "23"]
[EventDate "2011.02.24"]
[EventType "tourn (corr)"]
[EventRounds "6"]
[EventCountry "GER"]
[SourceTitle "Corr 2015"]
[Source "ChessBase"]
[SourceDate "2015.07.17"]
[SourceVersion "1"]
[SourceVersionDate "2015.07.17"]
[SourceQuality "1"]

1. Nf3 Nc6 2. e4 e6 3. d4 d5 4. Nc3 Bb4 5. e5 Bxc3+ 6. bxc3 Na5 7. Bd3 a6 8. Ng5 h6 9. Qh5 g6 10. Bxg6 Kd7 11. Nxf7 Nf6 12. Qh4 1-0

[Event "WC-2015-P-00001"]
[Site "LSS email"]
[Date "2011.02.20"]
[Round "?"]
[White "Wimmer, Jaroslav"]
[Black "Pecotic, Kuzma"]
[Result "1/2-1/2"]
[WhiteElo "2029"]
[BlackElo "2066"]
[PlyCount "78"]
[EventDate "2011.02.24"]
[EventType "tourn (corr)"]
[EventRounds "6"]
[EventCountry "GER"]
[SourceTitle "Telechess CBM 155"]
[Source "ChessBase"]
[SourceDate "2013.07.16"]
[SourceVersion "1"]
[SourceVersionDate "2013.07.16"]
[SourceQuality "1"]

1. d4 Nf6 2. Nf3 g6 3. g3 Bg7 4. Bg2 d5 5. 0-0 0-0 6. c4 dxc4 7. Na3 Nc6 8. Nxc4 Be6 9. Nce5 Bd5 10. Bf4 Nh5 11. Be3 Nf6 12. Qa4 e6 13. Rfd1 Ne7 14. Rac1 Ne4 15. Bf4 c6 16. h4 Nd6 17. Nd3 Ndf5 18. Nfe5 Bxg2 19. Kxg2 Qxd4 20. Qxd4 Nxd4 21. Kf1 Rfd8 22. Nc5 f6 23. Nc4 e5 24. Be3 Rab8 25. Bxd4 exd4 26. Ne6 Rd5 27. e4 dxe3 28. Nxe3 Rxd1+ 29. Rxd1 f5 30. Nxg7 Kxg7 31. Rd7 Kf6 32. Nc4 Ke6 33. Rd6+ Kf7 34. Ne5+ Kg7 35. f4 Nd5 36. Rd7+ Kg8 37. Kg2 Nf6 38. Rc7 Ne8 39. Rd7 Nf6 1/2-1/2

[Event "LSS WC-2010-F-00006"]
[Site "LSS email"]
[Date "2010.11.17"]
[Round "?"]
[White "Pecotic, Kuzma"]
[Black "Feldmann, Guido"]
[Result "1/2-1/2"]
[WhiteElo "2138"]
[BlackElo "2024"]
[PlyCount "96"]
[EventDate "2010.11.23"]
[EventType "tourn (corr)"]
[EventRounds "10"]
[EventCountry "GER"]
[SourceTitle "Telechess CBM 155"]
[Source "ChessBase"]
[SourceDate "2013.07.16"]
[SourceVersion "1"]
[SourceVersionDate "2013.07.16"]
[SourceQuality "1"]

1. d4 d5 2. c4 e6 3. Nf3 Nf6 4. Nc3 c6 5. e3 Nbd7 6. Qc2 Bd6 7. Bd3 dxc4 8. Bxc4 b5 9. Bd3 Bb7 10. 0-0 0-0 11. a3 Qe7 12. e4 e5 13. h3 a6 14. Bg5 h6 15. Be3 exd4 16. Nxd4 g6 17. Bxh6 Rfe8 18. Qd2 Ne5 19. Bg5 Rad8 20. Bc2 Bc7 21. Qf4 Neg4 22. Qxg4 Nxg4 23. Bxe7 Rxe7 24. Rfd1 Bb6 25. hxg4 Rxd4 26. Kf1 Kg7 27. Ne2 Rdd7 28. g3 c5 29. Nc3 c4 30. g5 Bc6 31. Rab1 a5 32. b4 axb4 33. axb4 Rd4 34. Ne2 Rdxe4 35. Bxe4 Bxe4 36. Ra1 Bd3 37. Ra2 Bc7 38. Rxd3 cxd3 39. Nc1 Rd7 40. Rd2 Rd4 41. Nxd3 Rg4 42. Kg2 Rd4 43. Kf3 Bd8 44. Ke3 Bb6 45. Ke2 Rg4 46. Rc2 Rxg5 47. Rc6 Bd4 48. Rd6 Bc3 1/2-1/2

[Event "LSS WC-2010-F-00006"]
[Site "LSS email"]
[Date "2010.11.17"]
[Round "?"]
[White "Salzmann, Stefan"]
[Black "Pecotic, Kuzma"]
[Result "1-0"]
[WhiteElo "2098"]
[BlackElo "2138"]
[PlyCount "125"]
[EventDate "2010.11.23"]
[EventType "tourn (corr)"]
[EventRounds "10"]
[EventCountry "GER"]
[SourceTitle "Telechess CBM 155"]
[Source "ChessBase"]
[SourceDate "2013.07.16"]
[SourceVersion "1"]
[SourceVersionDate "2013.07.16"]
[SourceQuality "1"]

1. d4 d5 2. c4 e6 3. Nc3 Nf6 4. Nf3 c6 5. Bg5 h6 6. Bh4 dxc4 7. e4 g5 8. Bg3 b5 9. Be2 b4 10. Na4 Nxe4 11. Be5 Nf6 12. Nc5 c3 13. bxc3 bxc3 14. 0-0 g4 15. Ne1 Bxc5 16. dxc5 Qxd1 17. Rxd1 Ke7 18. f3 Rg8 19. fxg4 Nd5 20. Rb1 Nd7 21. Bd6+ Ke8 22. h3 N7f6 23. Bd3 h5 24. g5 Rxg5 25. Nf3 Rg8 26. Ne5 Rg3 27. Bc2 Re3 28. Ba4 Bd7 29. Rb7 Rxe5 30. Bxe5 Ne4 31. Bd4 h4 32. Re1 Ng3 33. Kh2 a5 34. Rb3 c2 35. Rf3 Ne2 36. Bb2 c1Q 37. Bxc1 Nxc1 38. Rxc1 Ke7 39. Rc4 Rh8 40. Rb3 e5 41. Rb7 Ke6 42. Bb3 f5 43. Ra4 e4 44. Rxa5 Rd8 45. Raa7 Be8 46. Rh7 Bg6 47. Rhe7+ Kf6 48. Red7 Rxd7 49. Rxd7 Nf4 50. a4 e3 51. Kg1 Bh5 52. Bc4 e2 53. Rd6+ Ke5 54. Kf2 Nxg2 55. Kxg2 e1Q 56. Re6+ Kd4 57. Rxe1 Kxc4 58. Ra1 Be2 59. Kf2 Bd3 60. a5 Kxc5 61. a6 Bxa6 62. Rxa6 Kd5 63. Ra4 1-0

[Event "LSS WC-2010-F-00006"]
[Site "LSS email"]
[Date "2010.11.17"]
[Round "?"]
[White "Zakharov, Oleg Yu"]
[Black "Pecotic, Kuzma"]
[Result "1/2-1/2"]
[WhiteElo "2269"]
[BlackElo "2183"]
[PlyCount "171"]
[EventDate "2010.11.23"]
[EventType "tourn (corr)"]
[EventRounds "10"]
[EventCountry "GER"]
[SourceTitle "Corr 2022"]
[Source "ChessBase"]
[SourceDate "2021.10.24"]
[SourceVersion "1"]
[SourceVersionDate "2021.10.24"]
[SourceQuality "1"]

1. e4 e5 2. Nf3 Nc6 3. Bb5 a6 4. Ba4 Nf6 5. 0-0 Be7 6. Re1 b5 7. Bb3 0-0 8. c3 d6 9. h3 Bb7 10. d4 h6 11. Nbd2 Re8 12. Nf1 Bf8 13. Ng3 Na5 14. Bc2 Nc4 15. b3 Nb6 16. Rb1 Rb8 17. Bd2 c5 18. d5 Bc8 19. c4 Bd7 20. Bd3 Qc7 21. Qc2 g6 22. Ba5 Bg7 23. Ne2 Rb7 24. Nd2 Rbb8 25. b4 cxb4 26. Rxb4 Qa7 27. Nc3 Nxc4 28. Nxc4 bxc4 29. Rxc4 Rbc8 30. Rxc8 Rxc8 31. Rb1 Qc5 32. Bb4 Qb6 33. Qe2 a5 34. Ba3 Qd4 35. Nd1 Nh5 36. Ba6 Ra8 37. Qd3 f5 38. Ne3 Bf8 39. exf5 Nf4 40. Qc4 Bxf5 41. Qxd4 exd4 42. Nxf5 gxf5 43. Bf1 Re8 44. g3 Ne2+ 45. Kg2 Nc3 46. Rb6 Nxa2 47. Ra6 Kf7 48. Rxa5 Nc3 49. Ra6 Rb8 50. Bd3 Ne4 51. Ra4 Nc5 52. Bxc5 dxc5 53. Ra6 f4 54. gxf4 Rb4 55. Rc6 Rb8 56. Bc4 Rb4 57. Be2 d3 58. Bxd3 Rxf4 59. Be2 Rd4 60. Kf1 Ke8 61. Bf3 Kf7 62. Ke2 Be7 63. Rxh6 Bf6 64. Bh5+ Ke7 65. Rh7+ Kd6 66. Bf3 c4 67. Ra7 c3 68. Ra6+ Ke7 69. Re6+ Kf7 70. Rc6 Rd2+ 71. Kf1 Bd4 72. Kg2 Bxf2 73. Be4 Bd4+ 74. Kg3 Be5+ 75. Kg4 Rf2 76. Bg6+ Kg7 77. h4 Rg2+ 78. Kf5 Bb8 79. h5 c2 80. Rc8 Bh2 81. Rc3 Re2 82. Kg4 Rg2+ 83. Kh4 Bg3+ 84. Kh3 Be5 85. Rxc2 Rxc2 86. Bxc2 1/2-1/2

[Event "CP-2010-P-00054"]
[Site "LSS email"]
[Date "2010.09.28"]
[Round "?"]
[White "Maidana Guerra, Victor Ramon"]
[Black "Pecotic, Kuzma"]
[Result "1/2-1/2"]
[WhiteElo "1936"]
[BlackElo "2129"]
[PlyCount "58"]
[EventDate "2010.10.01"]
[EventType "tourn (corr)"]
[EventRounds "6"]
[EventCountry "GER"]
[SourceTitle "Telechess CBM 143"]
[Source "ChessBase"]
[SourceDate "2011.07.15"]
[SourceVersion "1"]
[SourceVersionDate "2011.07.15"]
[SourceQuality "1"]

1. Nf3 Nf6 2. g3 c5 3. Bg2 Nc6 4. c4 e5 5. Nc3 d6 6. d3 Be7 7. Bg5 h6 8. Bxf6 Bxf6 9. 0-0 0-0 10. Nd5 Be7 11. a3 Be6 12. Nd2 Re8 13. e3 Rb8 14. b4 Bf8 15. Rb1 Ne7 16. Qa4 a6 17. Qa5 Nxd5 18. Qxd8 Rexd8 19. Bxd5 Bh3 20. Rfe1 b5 21. f3 Bd7 22. Rb2 g6 23. Ne4 Kg7 24. Nc3 cxb4 25. axb4 Rb6 26. Ra1 Rdb8 27. cxb5 Bxb5 28. Na4 Bxa4 29. Rxa4 Be7 1/2-1/2

[Event "CP-2010-P-00054"]
[Site "LSS email"]
[Date "2010.09.28"]
[Round "?"]
[White "Shleb, Alex"]
[Black "Pecotic, Kuzma"]
[Result "1/2-1/2"]
[WhiteElo "1632"]
[BlackElo "2106"]
[PlyCount "95"]
[EventDate "2010.10.01"]
[EventType "tourn (corr)"]
[EventRounds "6"]
[EventCountry "GER"]
[SourceTitle "Telechess CBM 147"]
[Source "ChessBase"]
[SourceDate "2012.03.16"]
[SourceVersion "1"]
[SourceVersionDate "2012.03.16"]
[SourceQuality "1"]

1. e4 e5 2. Nf3 Nc6 3. Bb5 a6 4. Ba4 Nf6 5. 0-0 Be7 6. Re1 b5 7. Bb3 0-0 8. c3 d6 9. h3 Bb7 10. d4 h6 11. Nbd2 Re8 12. a4 Bf8 13. d5 Ne7 14. Nh2 Ng6 15. Ndf1 Nd7 16. Ng3 Nc5 17. Bc2 c6 18. Ng4 cxd5 19. exd5 Nxa4 20. Bxa4 bxa4 21. Rxa4 Bc8 22. Qc2 a5 23. c4 Bd7 24. Ra3 a4 25. Bd2 Rb8 26. Rea1 Nf4 27. Ne3 h5 28. Bc3 g6 29. Re1 f5 30. Ne2 Qg5 31. Nxf4 exf4 32. Nf1 f3 33. g3 h4 34. Bd2 Qh5 35. Rxe8 Bxe8 36. gxh4 Bg7 37. b4 axb3 38. Rxb3 Rc8 39. Qd3 Qxh4 40. Qxf3 Qxc4 41. Rb4 Qa6 42. Bf4 Qa1 43. Qb3 Rc3 44. Qb1 Qxb1 45. Rxb1 Be5 46. Bxe5 dxe5 47. Ne3 Rd3 48. Kf1 1/2-1/2

[Event "SM-2010-0-00114"]
[Site "LSS email"]
[Date "2010.08.07"]
[Round "?"]
[White "Pecotic, Kuzma"]
[Black "Fages, Jorge Juan"]
[Result "1/2-1/2"]
[WhiteElo "2136"]
[BlackElo "2205"]
[PlyCount "81"]
[EventDate "2010.07.16"]
[EventType "tourn (corr)"]
[EventRounds "6"]
[EventCountry "GER"]
[SourceTitle "Telechess CBM 157"]
[Source "ChessBase"]
[SourceDate "2013.11.12"]
[SourceVersion "1"]
[SourceVersionDate "2013.11.12"]
[SourceQuality "1"]

1. e4 c5 2. Nf3 d6 3. d4 cxd4 4. Nxd4 Nf6 5. Nc3 a6 6. Be3 Ng4 7. Bg5 h6 8. Bh4 g5 9. Bg3 Bg7 10. h3 Nf6 11. Bc4 Qb6 12. 0-0 0-0 13. Nb3 Nc6 14. Re1 Ne5 15. Bf1 Bd7 16. a4 Rac8 17. a5 Qd8 18. f4 gxf4 19. Bxf4 Kh7 20. Nd5 Nxd5 21. exd5 Ng6 22. Bd3 f5 23. Be3 Qe8 24. c3 Qf7 25. Bc2 Ne5 26. Bf2 Rce8 27. Nc1 Nc4 28. Ne2 Nxb2 29. Qb1 Nc4 30. Qxb7 Bb5 31. Nd4 Bxd4 32. Bxd4 e5 33. Bxf5+ Kg7 34. Qxf7+ Rxf7 35. Bd3 exd4 36. Rxe8 Bxe8 37. Bxc4 Rc7 38. Bxa6 dxc3 39. Bd3 c2 40. Rc1 Bg6 41. Bxg6 1/2-1/2

[Event "LSS BI-2010-P-00024"]
[Site "LSS email"]
[Date "2010.04.19"]
[Round "?"]
[White "Fernandez, Pablo"]
[Black "Pecotic, Kuzma"]
[Result "1/2-1/2"]
[WhiteElo "800"]
[BlackElo "2120"]
[PlyCount "78"]
[EventDate "2010.04.22"]
[EventType "tourn (corr)"]
[EventRounds "10"]
[EventCountry "GER"]
[SourceTitle "Telechess CBM 141"]
[Source "ChessBase"]
[SourceDate "2011.03.17"]
[SourceVersion "1"]
[SourceVersionDate "2011.03.17"]
[SourceQuality "1"]

1. d4 d5 2. c4 dxc4 3. Nf3 Nf6 4. e3 g6 5. Bxc4 Bg7 6. Nc3 0-0 7. 0-0 Nc6 8. h3 a6 9. a3 b5 10. Ba2 Bb7 11. e4 b4 12. axb4 Nxb4 13. Bb1 Nd7 14. Be3 a5 15. Re1 e6 16. Bg5 Qc8 17. Bd3 h6 18. Be3 c5 19. Bb5 cxd4 20. Bxd4 Rd8 21. Bxg7 Kxg7 22. Qe2 Nc5 23. Red1 Qc7 24. Bc4 Rac8 25. Nd4 Qe5 26. Nf3 Qf4 27. g3 Qc7 28. Nd4 e5 29. Ndb5 Qb6 30. h4 h5 31. Nd5 Bxd5 32. exd5 e4 33. d6 Ncd3 34. b3 Rd7 35. Ra3 Rb8 36. Ra4 f5 37. Rda1 Nc6 38. Bxd3 exd3 39. Qe6 Rbd8 1/2-1/2

[Event "LSS BI-2010-P-00024"]
[Site "LSS email"]
[Date "2010.04.19"]
[Round "?"]
[White "Pecotic, Kuzma"]
[Black "Louro, Eugenio Diogo"]
[Result "1-0"]
[WhiteElo "2126"]
[BlackElo "1782"]
[PlyCount "77"]
[EventDate "2010.04.22"]
[EventType "tourn (corr)"]
[EventRounds "10"]
[EventCountry "GER"]
[SourceTitle "Telechess CBM 141"]
[Source "ChessBase"]
[SourceDate "2011.03.17"]
[SourceVersion "1"]
[SourceVersionDate "2011.03.17"]
[SourceQuality "1"]

1. Nf3 Nf6 2. c4 c6 3. d4 d5 4. Nc3 dxc4 5. a4 Bf5 6. e3 e6 7. Bxc4 Nbd7 8. 0-0 Bb4 9. Qe2 Bg6 10. e4 Bxc3 11. bxc3 Nxe4 12. Ba3 Qc7 13. Rfc1 0-0-0 14. a5 Qf4 15. g3 Qc7 16. a6 b6 17. Bd3 Nd6 18. Rd1 Bxd3 19. Rxd3 h6 20. Rdd1 Rhe8 21. Ne5 Nxe5 22. dxe5 Nf5 23. g4 Rxd1+ 24. Rxd1 Ne7 25. Bd6 Qd7 26. Bxe7 Qxe7 27. Rd6 h5 28. Qf3 Kb8 29. gxh5 Rc8 30. Kf1 Rc7 31. Rxc6 Qd7 32. Rd6 Qc8 33. Kg2 Qxa6 34. Rd8+ Rc8 35. Rd7 Rf8 36. Qc6 Rc8 37. Qd6+ Ka8 38. Rxf7 Qc4 39. h3 1-0

[Event "LSS WC-2014-P-00009"]
[Site "LSS email"]
[Date "2010.02.18"]
[Round "?"]
[White "Pecotic, Kuzma"]
[Black "Prata, Jorge"]
[Result "1-0"]
[WhiteElo "2131"]
[BlackElo "2016"]
[PlyCount "87"]
[EventDate "2010.02.24"]
[EventType "tourn (corr)"]
[EventRounds "6"]
[EventCountry "GER"]
[SourceTitle "Telechess CBM 141"]
[Source "ChessBase"]
[SourceDate "2011.03.17"]
[SourceVersion "1"]
[SourceVersionDate "2011.03.17"]
[SourceQuality "1"]

1. e4 c5 2. Nf3 d6 3. d4 cxd4 4. Nxd4 Nf6 5. Nc3 a6 6. Be3 e6 7. f3 b5 8. Qd2 Nbd7 9. g4 Nb6 10. Qf2 Nfd7 11. 0-0-0 Bb7 12. Bd3 Rc8 13. Nce2 Qc7 14. Kb1 Na4 15. c3 Ndc5 16. Bc2 Be7 17. h4 0-0 18. g5 d5 19. exd5 Bxd5 20. b3 Nb6 21. h5 Ba8 22. Bd2 Nd5 23. Qg2 Qd7 24. Nf4 Bd6 25. Nxd5 Bxd5 26. g6 Be5 27. gxh7+ Kh8 28. Rhg1 Qd8 29. Qf2 Qc7 30. Bc1 Bf6 31. Rg4 Rb8 32. Bb2 a5 33. Rdg1 a4 34. Rxg7 Bxg7 35. c4 axb3 36. axb3 bxc4 37. Nb5 Bxb2 38. Nxc7 cxb3 39. Rg8+ Rxg8 40. hxg8Q+ Kxg8 41. Bf5 Na4 42. Qg3+ Kh8 43. Qf4 Bg7 44. Nxd5 1-0

[Event "LSS WC-2014-P-00009"]
[Site "LSS email"]
[Date "2010.02.18"]
[Round "?"]
[White "Vaassen, Jack M"]
[Black "Pecotic, Kuzma"]
[Result "1/2-1/2"]
[WhiteElo "2135"]
[BlackElo "2115"]
[PlyCount "64"]
[EventDate "2010.02.24"]
[EventType "tourn (corr)"]
[EventRounds "6"]
[EventCountry "GER"]
[SourceTitle "Telechess CBM 141"]
[Source "ChessBase"]
[SourceDate "2011.03.17"]
[SourceVersion "1"]
[SourceVersionDate "2011.03.17"]
[SourceQuality "1"]

1. Nf3 Nf6 2. g3 b6 3. Bg2 Bb7 4. 0-0 e6 5. c4 Be7 6. d4 0-0 7. Nc3 Ne4 8. Nxe4 Bxe4 9. Nh4 Bxg2 10. Nxg2 Nc6 11. d5 Na5 12. b3 exd5 13. Qxd5 Bf6 14. Rb1 Re8 15. Ne3 Nc6 16. Bb2 Bxb2 17. Rxb2 Ne5 18. Rd1 a5 19. c5 c6 20. Qd2 bxc5 21. f4 Ng6 22. Nf5 Qf6 23. Nd6 Reb8 24. e4 Ne7 25. Rbb1 Nd5 26. exd5 Qxd6 27. dxc6 Qxc6 28. Qxd7 Qxd7 29. Rxd7 c4 30. Rbd1 cxb3 31. axb3 g6 32. R1d3 a4 1/2-1/2

[Event "LSS BI-2009-F-00005"]
[Site "LSS email"]
[Date "2010.02.15"]
[Round "?"]
[White "Grkinic, Goran"]
[Black "Pecotic, Kuzma"]
[Result "0-1"]
[WhiteElo "2088"]
[BlackElo "2121"]
[PlyCount "92"]
[EventDate "2010.02.17"]
[EventType "tourn (corr)"]
[EventRounds "10"]
[EventCountry "GER"]
[SourceTitle "Telechess CBM 141"]
[Source "ChessBase"]
[SourceDate "2011.03.17"]
[SourceVersion "1"]
[SourceVersionDate "2011.03.17"]
[SourceQuality "1"]

1. Nf3 Nf6 2. d4 d5 3. c4 e6 4. Nc3 c6 5. e3 Nbd7 6. Bd3 dxc4 7. Bxc4 b5 8. Bd3 Bb7 9. 0-0 a6 10. e4 c5 11. d5 c4 12. Bc2 Bc5 13. Bf4 0-0 14. dxe6 fxe6 15. Qe2 Nh5 16. Be3 Nf4 17. Bxf4 Rxf4 18. Rad1 Qc7 19. Ng5 Rh4 20. h3 Re8 21. Kh1 Ne5 22. f4 Qe7 23. Qe1 Rh5 24. Qg3 Bc6 25. Nxh7 Nf7 26. Ng5 Nxg5 27. Qg4 g6 28. fxg5 Qxg5 29. Qxg5 Rxg5 30. g4 Re5 31. Kg2 Rc8 32. a3 a5 33. Kg3 g5 34. Bb1 b4 35. axb4 axb4 36. Na2 Bxe4 37. Rfe1 Bxb1 38. Rxe5 Bxa2 39. Rxg5+ Kf8 40. Rf1+ Ke7 41. Rg7+ Kd6 42. Rd1+ Kc6 43. Rf7 c3 44. bxc3 bxc3 45. g5 Kb5 46. g6 c2 0-1

[Event "LSS BI-2009-F-00005"]
[Site "LSS email"]
[Date "2010.02.15"]
[Round "?"]
[White "Nielsen, Bjarne"]
[Black "Pecotic, Kuzma"]
[Result "1/2-1/2"]
[WhiteElo "1953"]
[BlackElo "2129"]
[PlyCount "28"]
[EventDate "2010.02.17"]
[EventType "tourn (corr)"]
[EventRounds "10"]
[EventCountry "GER"]
[SourceTitle "Corr 2013"]
[Source "ChessBase"]
[SourceDate "2012.11.12"]
[SourceVersion "1"]
[SourceVersionDate "2012.11.12"]
[SourceQuality "1"]

1. d4 d5 2. c4 e6 3. Nc3 Nf6 4. cxd5 exd5 5. Bg5 Be7 6. e3 0-0 7. Bd3 Nbd7 8. Nge2 h6 9. Bh4 c6 10. Qc2 Nb6 11. 0-0 Be6 12. Nf4 Bd7 13. Nfe2 Be6 14. Nf4 Bd7 1/2-1/2